5 pays avec le plus de route par continent - Statistiques

Statistiques générales
  • Ce quiz a été pris 179 fois
  • Le résultat moyen est 20 sur 25
Statistiques - réponses
Pays Nombre de km % Correct
France 1 053 215km
99%
Allemagne 644 480km
98%
Chine 5 200 000km
98%
États-Unis 6 832 000km
97%
Russie 1 106 901km
96%
Canada 1 042 300km
95%
Mexique 817 596km
95%
Afrique du Sud 750 000km
93%
Espagne 683 175km
93%
Inde 6 700 000km
93%
Australie 873 573km
92%
Brésil 2 000 000km
92%
Japon 1 218 772km
90%
Nouvelle Zélande 96 817km
90%
Argentine 281 290km
89%
République Démocratique du Congo 152 373km
86%
Nigeria 195 000km
73%
Thaïlande 702 989km
66%
Fidji 3 440km
64%
Suède 573 134km
64%
Papouasie Nouvelle Guinée 9 349km
63%
Kenya 177 800km
54%
Vietnam 570 448km
53%
Îles Marshall 2 028km
44%
Ouganda 146 000km
21%
Aucun quiz correspondant
Distribution des résultats
% des personnes avec chaque résultat
Percentile par nombre de réponses
Votre historique - résultats
Vous n’avez pas pris ce quiz